000 00363nam a2200133Ia 4500
008 211109s9999||||xx |||||||||||||| ||und||
082 _a030
_bBAY-E
100 _aBayle, Andrew
245 0 _aEveryman Encyclopaedia Vol I
260 _bJ m Dent
_aNew York
_c1908
630 _xReference Reading Room
650 _aGeneral encyclopedic works
_xReference
942 _cBOOK
999 _c2426
_d2426